[Event "33. ABC-Turnier 2013 - Gruppe C"]
[Site "Dortmund"]
[Date "2013.11.07"]
[Round "2.1"]
[White "Benke, Werner"]
[Black "Reinacher, Detlev"]
[Result "1-0"]
[WhiteElo "1566"]
[BlackElo "1589"]
[PlyCount "61"]
[EventDate "2013.??.??"]
[Source "Pit Schulenburg"]
[SourceDate "2013.09.05"]

1. d4 Nf6 2. c4 g6 3. Nc3 b6 4. Bf4 Bb7 5. e3 Bg7 6. Nf3 d6 7. Be2 Nbd7 8. h3
O-O 9. O-O Re8 10. Qc2 Nh5 11. Bh2 e5 12. dxe5 dxe5 13. Rfd1 e4 14. Nd4 Be5 15.
Bxh5 gxh5 16. Nde2 Bxh2+ 17. Kxh2 Qe7 18. Nf4 Nf6 19. Qe2 Qe5 20. Kh1 Kh8 21.
Ncd5 Nxd5 22. cxd5 Rad8 23. Qc4 Qxb2 24. Qxc7 Bxd5 25. Nxd5 Rxd5 26. Qxf7 Rxd1+
27. Rxd1 Rg8 28. Rd4 Qc1+ 29. Kh2 Qc8 30. Qf6+ Rg7 31. Rd8+ 1-0

[Event "33. ABC-Turnier 2013 - Gruppe C"]
[Site "Dortmund"]
[Date "2013.11.21"]
[Round "2.2"]
[White "Benke, Werner"]
[Black "Vogt, Christian"]
[Result "1-0"]
[WhiteElo "1566"]
[BlackElo "1506"]
[PlyCount "95"]
[EventDate "2013.??.??"]
[Source "Pit Schulenburg"]
[SourceDate "2013.09.05"]

1. e4 e5 2. Nf3 Nc6 3. Bc4 Bc5 4. O-O Nf6 5. d3 d6 6. Bg5 O-O 7. h3 Be6 8. Nbd2
a6 9. c3 b5 10. Bb3 Qe7 11. Re1 Bb6 12. Nh2 h6 13. Bh4 g5 14. Bg3 Bxb3 15. axb3
Qe6 16. Qf3 Kg7 17. Ndf1 Ne7 18. Ne3 Bxe3 19. fxe3 Nh7 20. Rf1 f5 21. exf5 Nxf5
22. Be1 Nd4 23. Qd1 Rxf1+ 24. Nxf1 Nf5 25. Qf3 Qc8 26. Qe4 Nf6 27. Qf3 Kg6 28.
e4 Ng7 29. Ne3 c6 30. Bg3 Nfh5 31. Rf1 Nxg3 32. Qxg3 Qe6 33. Qf3 Re8 34. h4 Re7
35. hxg5 hxg5 36. Nf5 Rf7 37. g4 Ne8 38. b4 Qd7 {(=)} 39. Kg2 Rh7 40. Ng3 Rf7
41. Nf5 Rh7 42. Qg3 Nc7 43. d4 exd4 44. Qxd6+ Qxd6 45. Nxd6 Ne6 46. Rd1 Nf4+
47. Kg1 d3 48. Nf5 {und Schwarz ueberschritt nach einigen Zuegen die Zeit.} 1-0

[Event "33. ABC-Turnier 2013 - Gruppe C"]
[Site "Dortmund"]
[Date "2013.12.12"]
[Round "2.2"]
[White "Reinacher, Detlev"]
[Black "Bednik, Henryk"]
[Result "1-0"]
[WhiteElo "1589"]
[BlackElo "1508"]
[PlyCount "93"]
[EventDate "2013.??.??"]
[Source "Pit Schulenburg"]
[SourceDate "2013.09.05"]

1. e4 c5 2. d3 Nc6 3. g3 d6 4. Bg2 Nf6 5. Nf3 Bg4 6. Nbd2 Ne5 7. O-O Qc8 8. Re1
h5 9. Nf1 h4 10. c3 hxg3 11. fxg3 Nxf3+ 12. Bxf3 g6 13. Bg5 Bxf3 14. Qxf3 Nh7
15. Be3 Bg7 16. Re2 Nf6 17. Nd2 Qh3 18. Rf1 Qe6 19. e5 Nd7 20. exd6 Ne5 21.
Qxb7 O-O 22. dxe7 Rfb8 23. Qg2 Qxe7 24. Bf4 g5 25. Bxe5 Bxe5 26. Rfe1 f6 27.
Nf3 Qb7 28. Nxe5 Qxg2+ 29. Rxg2 fxe5 30. Rxe5 Rb5 31. Rxg5+ Kh7 32. d4 Re8 33.
Rf2 Re1+ 34. Kg2 Kh6 35. Rxc5 Rb6 36. d5 Re5 37. b4 Rd6 38. c4 a6 39. a4 Kg5
40. b5 axb5 41. axb5 Rb6 42. h4+ Kh5 43. Kh3 Rg6 44. Rc6 Rg7 45. Rff6 Rxg3+ 46.
Kxg3 Re3+ 47. Kf2 1-0

[Event "33. ABC-Turnier 2013 - Gruppe C"]
[Site "Dortmund"]
[Date "2013.11.21"]
[Round "2.2"]
[White "Schlepütz, Volker"]
[Black "Rahner, Norbert"]
[Result "0-1"]
[WhiteElo "1540"]
[BlackElo "1596"]
[PlyCount "72"]
[EventDate "2013.??.??"]
[Source "Pit Schulenburg"]
[SourceDate "2013.09.05"]

1. d4 Nf6 2. c4 g6 3. Nc3 Bg7 4. e4 d6 5. Nf3 O-O 6. Be2 c5 7. d5 Bg4 8. O-O a6
9. Ne1 Bxe2 10. Qxe2 Qc7 11. Nd3 Nbd7 12. Be3 Rab8 13. f3 b5 14. b3 bxc4 15.
bxc4 Nh5 16. Qc2 Nb6 17. Nb2 Rb7 18. Rab1 Rfb8 19. g4 Nf6 20. Rbe1 Nbd7 21. Nd3
Nb6 22. g5 Nh5 23. Ne2 Qd7 24. Ndf4 Nxf4 25. Nxf4 Na4 26. Nd3 Nb2 27. Re2 Nxd3
28. Qxd3 Qh3 29. Rg2 Rb2 30. Rxb2 Rxb2 31. Rf2 Rb7 32. Qf1 Qd7 33. Kg2 Qa4 34.
f4 Qa3 35. Bc1 Qa4 36. e5 Rb1 0-1

[Event "33. ABC-Turnier 2013 - Gruppe C"]
[Site "Dortmund"]
[Date "2013.11.28"]
[Round "2.3"]
[White "Vogt, Christian"]
[Black "Schlepütz, Volker"]
[Result "1/2-1/2"]
[WhiteElo "1506"]
[BlackElo "1540"]
[PlyCount "88"]
[EventDate "2013.??.??"]
[Source "Pit Schulenburg"]
[SourceDate "2013.09.05"]

1. d4 d5 2. c4 c6 3. Nc3 Nf6 4. cxd5 cxd5 5. Bf4 e6 6. e3 a6 7. Bd3 Nc6 8. Nf3
Qa5 9. a3 b5 10. O-O Be7 11. h3 O-O 12. Qe2 Bb7 13. e4 dxe4 14. Nxe4 Nd5 15.
Bd6 Bxd6 16. Nxd6 Nf4 17. Qe4 Nxd3 18. Nxb7 Qb6 19. Qxd3 Qxb7 20. d5 exd5 21.
Qxd5 Rad8 22. Qc5 {(=)} 22... Na5 23. Qc3 Qb6 24. b3 Rc8 25. Qb2 h6 26. Ne5 Qe6
27. b4 Nc4 28. Nxc4 Rxc4 29. Rfe1 Qc6 30. Rac1 Rc8 31. Rxc4 Qxc4 32. Re7 Qc1+
33. Qxc1 Rxc1+ 34. Kh2 Ra1 35. Re8+ Kh7 36. Re3 f5 37. Kg3 Rc1 38. Re6 Rc3+ 39.
Re3 Rxe3+ 40. fxe3 g5 41. Kf3 Kg6 42. e4 Kf6 43. exf5 Kxf5 44. g4+ Ke5 1/2-1/2

[Event "33. ABC-Turnier 2013 - Gruppe C"]
[Site "Dortmund"]
[Date "2013.11.28"]
[Round "2.3"]
[White "Rahner, Norbert"]
[Black "Reinacher, Detlev"]
[Result "1-0"]
[WhiteElo "1596"]
[BlackElo "1589"]
[PlyCount "101"]
[EventDate "2013.??.??"]
[Source "Pit Schulenburg"]
[SourceDate "2013.09.05"]

1. c4 d6 2. Nc3 g6 3. d4 Bg7 4. Nf3 Nf6 5. h3 O-O 6. Bf4 b6 7. e4 Bb7 8. Bd3
Nbd7 9. O-O Nh5 10. Bh2 e5 11. d5 a6 12. Qd2 c6 13. Rac1 Re8 14. b4 cxd5 15.
Nxd5 Nhf6 16. Qe3 Nxd5 17. cxd5 Nf6 18. Be2 b5 19. Rc2 Qd7 20. Rfc1 Rec8 21.
Nd2 Rxc2 22. Rxc2 Rc8 23. Qd3 Bh6 24. Nb3 Rxc2 25. Qxc2 Qc8 26. Qd3 Qc7 27. g4
Bc8 28. Kg2 Qc4 29. f3 Qc7 30. Bg1 Bg7 31. Be3 h5 32. Na5 Bd7 33. Bd1 Qc8 34.
Qc2 hxg4 35. hxg4 Ne8 36. Nc6 Bf8 37. Bg5 f6 38. Be3 Ng7 39. Kg3 f5 40. exf5
gxf5 41. Bb6 Ne8 42. Qc1 f4+ 43. Kg2 Nf6 44. Bb3 Bxg4 45. Qg1 Bf5 46. Kf2+ Kh8
47. Qg5 Nh7 48. Qh5 e4 49. Qf7 e3+ 50. Ke2 Qd7 51. Bd4+ 1-0

[Event "33. ABC-Turnier 2013 - Gruppe C"]
[Site "Dortmund"]
[Date "2013.12.05"]
[Round "2.4"]
[White "Bednik, Henryk"]
[Black "Vogt, Christian"]
[Result "0-1"]
[WhiteElo "1508"]
[BlackElo "1506"]
[PlyCount "120"]
[EventDate "2013.??.??"]
[Source "Pit Schulenburg"]
[SourceDate "2013.09.05"]

1. Nf3 Nf6 2. b3 e6 3. Ba3 Be7 4. c4 O-O 5. Bxe7 Qxe7 6. Nc3 d5 7. e3 b6 8. d4
Qb4 9. Qc2 Ne4 10. Rc1 Ba6 11. Bd3 Nxc3 12. Qxc3 c5 13. Qxb4 cxb4 14. Ke2 Nd7
15. cxd5 Bxd3+ 16. Kxd3 exd5 17. Rc7 Nf6 18. Nd2 Ng4 19. Ke2 a5 20. Rhc1 a4 21.
h3 Nf6 22. f3 axb3 23. axb3 Ne8 24. R7c6 Ra6 25. e4 Nf6 26. g4 h6 27. e5 Ne8
28. f4 f5 29. g5 hxg5 30. fxg5 f4 31. R1c5 bxc5 32. Rxa6 cxd4 33. Nf3 Rf7 34.
Nxd4 Nc7 35. Rb6 Re7 36. Nf3 Ne6 37. h4 Kf7 38. Rxb4 Rc7 39. Nd4 Nxd4+ 40. Rxd4
Rc3 41. Rxf4+ Ke6 42. Rf3 Rc2+ 43. Ke3 Rh2 44. b4 Rxh4 45. Rf4 Rh3+ 46. Kd4 Rg3
47. g6 Rxg6 48. b5 Rg1 49. b6 Rb1 50. Rg4 Rb4+ 51. Kc3 Rxg4 52. b7 Rg3+ 53. Kb2
Rg2+ 54. Ka3 Rg3+ 55. Ka4 Rg4+ 56. Ka5 Rg1 57. b8=Q Ra1+ 58. Kb6 Rb1+ 59. Kc7
Rxb8 60. Kxb8 d4 0-1

[Event "33. ABC-Turnier 2013 - Gruppe C"]
[Site "Dortmund"]
[Date "2013.12.05"]
[Round "2.4"]
[White "Benke, Werner"]
[Black "Rahner, Norbert"]
[Result "0-1"]
[WhiteElo "1566"]
[BlackElo "1596"]
[PlyCount "48"]
[EventDate "2013.??.??"]
[Source "Pit Schulenburg"]
[SourceDate "2013.09.05"]

1. d4 Nf6 2. c4 d6 3. Nf3 g6 4. Bg5 Bg7 5. e3 Bg4 6. Be2 O-O 7. h3 Bf5 8. Bxf6
Bxf6 9. Bd3 Bxd3 10. Qxd3 Nd7 11. Nc3 c5 12. Ne4 Qa5+ 13. Qd2 Qxd2+ 14. Kxd2
Bg7 15. Rhd1 Rac8 16. Rac1 cxd4 17. exd4 Bh6+ 18. Kd3 Bxc1 19. Rxc1 Rc7 20. b3
d5 21. Ned2 dxc4+ 22. bxc4 Rfc8 23. Ng5 Nb6 24. Nge4 Nd5 0-1

[Event "33. ABC-Turnier 2013 - Gruppe C"]
[Site "Dortmund"]
[Date "2013.12.05"]
[Round "2.4"]
[White "Reinacher, Detlev"]
[Black "Schlepütz, Volker"]
[Result "1-0"]
[WhiteElo "1589"]
[BlackElo "1540"]
[PlyCount "99"]
[EventDate "2013.??.??"]
[Source "Pit Schulenburg"]
[SourceDate "2013.09.05"]

1. e4 e6 2. d3 d5 3. Nd2 Nf6 4. Ngf3 dxe4 5. dxe4 Be7 6. g3 O-O 7. Bg2 Bd7 8.
O-O Bc6 9. Re1 Nbd7 10. e5 Ne8 11. h4 g6 12. Qe2 Ng7 13. Nf1 Nf5 14. N1h2 Bb4
15. c3 Bc5 16. Bf4 Re8 17. b4 Bf8 18. b5 Bxf3 19. Nxf3 Nc5 20. Rad1 Qc8 21. g4
Ne7 22. c4 a6 23. Qe3 b6 24. Bh6 Bg7 25. Bxg7 Kxg7 26. Qg5 Ng8 27. Nd4 axb5 28.
Bxa8 Qxa8 29. Nxb5 Qxa2 30. Nxc7 Rc8 31. Nb5 Ra8 32. Nd6 h6 33. Qf4 Rf8 34. Rd2
Qa3 35. Qe3 Qa8 36. Rb2 Qc6 37. f4 Ra8 38. f5 gxf5 39. gxf5 exf5 40. Rg2+ Kf8
41. Nxf5 Ne6 42. Nxh6 Nxh6 43. Qxh6+ Ke7 44. Qf6+ Kf8 45. Rf1 Ra7 46. Kh2 Qxc4
47. h5 Ng5 48. Qd8+ Kg7 49. Rxg5+ Kh6 50. Qf6+ 1-0

[Event "33. ABC-Turnier 2013 - Gruppe C"]
[Site "Dortmund"]
[Date "2013.12.19"]
[Round "2.5"]
[White "Vogt, Christian"]
[Black "Reinacher, Detlev"]
[Result "1/2-1/2"]
[WhiteElo "1506"]
[BlackElo "1589"]
[PlyCount "63"]
[EventDate "2013.??.??"]
[Source "Pit Schulenburg"]
[SourceDate "2013.09.05"]

1. d4 Nf6 2. Nf3 d6 3. g3 g6 4. Bg2 Bg7 5. b3 O-O 6. Bb2 c6 7. O-O Nbd7 8. Nbd2
Qc7 9. e4 a6 10. a4 b6 11. Re1 Bb7 12. e5 dxe5 13. dxe5 Ng4 14. Qe2 c5 15. h3
Nh6 16. Rab1 Rad8 17. e6 Nb8 18. exf7+ Nxf7 19. Bxg7 Kxg7 20. Qxe7 Rd7 21. Qe3
Nc6 22. Ne4 Re8 23. Qc3+ Nd4 24. Nxd4 cxd4 25. Qxc7 Rxc7 26. Nd2 Rxe1+ 27. Rxe1
Bxg2 28. Kxg2 Rxc2 29. Nf3 d3 30. Rd1 Rc3 31. Rb1 Nd6 32. Nd2 1/2-1/2

[Event "33. ABC-Turnier 2013 - Gruppe C"]
[Site "Dortmund"]
[Date "2013.12.19"]
[Round "2.5"]
[White "Schlepütz, Volker"]
[Black "Benke, Werner"]
[Result "1-0"]
[WhiteElo "1540"]
[BlackElo "1566"]
[PlyCount "41"]
[EventDate "2013.??.??"]
[Source "Pit Schulenburg"]
[SourceDate "2013.09.05"]

1. d4 d5 2. c4 e6 3. Nc3 Nf6 4. f3 Be7 5. e3 Nbd7 6. Bd3 a6 7. Nge2 dxc4 8.
Bxc4 b5 9. Bd3 Bb7 10. Ng3 c5 11. Nce2 cxd4 12. Nxd4 Qa5+ 13. Bd2 Bb4 14. Bxb4
Qxb4+ 15. Qd2 Qxd2+ 16. Kxd2 O-O 17. Rhc1 Rac8 18. b4 Nd5 19. a3 N7f6 20. Nb3
Rfd8 21. Nc5 {und Schwarz ueberschritt die Zeit.} 1-0

[Event "33. ABC-Turnier 2013 - Gruppe C"]
[Site "Dortmund"]
[Date "2013.12.19"]
[Round "2.5"]
[White "Rahner, Norbert"]
[Black "Bednik, Henryk"]
[Result "1/2-1/2"]
[WhiteElo "1596"]
[BlackElo "1508"]
[PlyCount "87"]
[EventDate "2013.??.??"]
[Source "Pit Schulenburg"]
[SourceDate "2013.09.05"]

1. c4 c5 2. Nf3 Nf6 3. Nc3 b6 4. e3 Bb7 5. d4 e6 6. Be2 cxd4 7. exd4 d5 8. O-O
dxc4 9. Bxc4 Nbd7 10. Bg5 Qc8 11. Be2 h6 12. Bh4 a6 13. Rc1 Qb8 14. Bg3 Bd6 15.
Qb3 O-O 16. Nd2 Bxg3 17. hxg3 b5 18. Bf3 Bxf3 19. gxf3 Qd6 20. Ne2 e5 21. Rcd1
exd4 22. Ne4 Nxe4 23. fxe4 Nc5 24. Qb4 Nxe4 25. Qxd6 Nxd6 26. Rxd4 Nf5 27. Rd5
Rfe8 28. Nf4 g6 29. Rfd1 Kf8 30. Rd7 Rac8 31. Ra7 Ra8 32. Rb7 g5 33. Nh5 Rad8
34. Rc1 Rd6 35. Rcc7 Ne7 36. Ra7 f5 37. Kg2 Kf7 38. g4 fxg4 39. Ng3 Re6 40. Nf5
h5 41. Nd4 Rd6 42. Nc6 Re6 43. Nd4 Rd6 44. Nf5 1/2-1/2

[Event "33. ABC-Turnier 2013 - Gruppe D"]
[Site "Dortmund"]
[Date "2013.09.05"]
[Round "1.1"]
[White "Reich, Peter"]
[Black "Gennat, Egon L"]
[Result "1-0"]
[WhiteElo "1535"]
[BlackElo "1425"]
[PlyCount "95"]
[EventDate "2013.??.??"]
[Source "Pit Schulenburg"]
[SourceDate "2013.09.05"]

1. e4 g6 2. Nf3 Bg7 3. Bc4 e6 4. O-O c5 5. d4 cxd4 6. Nxd4 a6 7. a4 Nc6 8. Nf3
Qc7 9. Qe2 Nge7 10. Re1 O-O 11. e5 Nf5 12. Bf4 b6 13. Nbd2 Bb7 14. c3 Rfd8 15.
Rad1 h6 16. h3 Na5 17. Bd3 d5 18. exd6 Nxd6 19. Ne4 Bxe4 20. Bxe4 Ra7 21. Bxg6
Qe7 22. Bd3 Nb3 23. Bc2 Nc5 24. b4 Ncb7 25. Qd3 Ne8 26. Qh7+ Kf8 27. Bxh6 Qf6
28. Bg5 Rxd1 29. Bxf6 Rxe1+ 30. Nxe1 Nxf6 31. Qd3 Ke7 32. c4 a5 33. b5 Nc5 34.
Qe3 Rd7 35. Nd3 Nfe4 36. Nxc5 Nxc5 37. Kf1 Bd4 38. Qf4 Rd6 39. h4 Nd7 40. h5 e5
41. Qg5+ Rf6 42. f3 Ke6 43. h6 Nf8 44. h7 Nxh7 45. Bxh7 Rf4 46. Be4 Rf6 47. Ke2
Bc5 48. Bd5+ {Diagramm #} 1-0

[Event "33. ABC-Turnier 2013 - Gruppe D"]
[Site "Dortmund"]
[Date "2013.09.05"]
[Round "1.1"]
[White "Vujanic, Dragan"]
[Black "Schrimpl, Michael"]
[Result "1/2-1/2"]
[WhiteElo "1481"]
[BlackElo "1441"]
[PlyCount "136"]
[EventDate "2013.??.??"]
[Source "Pit Schulenburg"]
[SourceDate "2013.09.05"]

1. d4 Nf6 2. Nf3 d6 3. Bf4 g6 4. e3 c5 5. c3 cxd4 6. exd4 Bg7 7. Nbd2 O-O 8.
Bd3 Bg4 9. Qc2 Nc6 10. h3 Bxf3 11. Nxf3 Rc8 12. a3 Re8 13. O-O a6 14. Rfe1 Nd7
15. Rad1 b5 16. Qb3 Na5 17. Qa2 Nf6 18. Ng5 d5 19. Be5 e6 20. a4 Nc4 21. Nf3
bxa4 22. Bc2 a3 23. bxa3 Nxe5 24. Nxe5 Rxc3 25. Ba4 Rf8 26. Qb2 Qa5 27. Nc6
Qxa4 28. Qxc3 Ne4 29. Ne7+ Kh8 30. Qb4 Qd7 31. Rc1 Nd6 32. Nc6 Nc4 33. Ne5 Nxe5
34. dxe5 Qb5 35. Qxb5 axb5 36. Rc5 Rb8 37. f4 Bf8 38. Rc7 Kg7 39. Re3 Ra8 40.
Rb3 Bxa3 41. Rxb5 h6 42. Rbb7 Rf8 43. Kf2 g5 44. fxg5 hxg5 45. Ke3 Kg6 46. Kd3
Kf5 47. Rxf7+ Rxf7 48. Rxf7+ Kxe5 49. g4 Bc1 {(=)} 50. Rf1 Bf4 51. Re1+ Kd6 52.
Rh1 Bg3 53. Rg1 Bh4 54. Rf1 Bg3 55. Rf7 Ke5 56. Ke3 d4+ 57. Kf3 Bh4 58. Rd7 Be1
59. Ke2 Bg3 60. Kd3 Bf2 61. Rb7 Kf4 62. Rb3 e5 63. Ke2 Be3 64. Rb7 Kg3 65. Rh7
Kf4 66. Rf7+ Ke4 67. Rd7 Kf4 68. Rf7+ Ke4 {Diagramm #} 1/2-1/2

[Event "33. ABC-Turnier 2013 - Gruppe D"]
[Site "Dortmund"]
[Date "2013.09.05"]
[Round "1.1"]
[White "Gerke, Dieter"]
[Black "Tautz, Eugen"]
[Result "1-0"]
[WhiteElo "1469"]
[BlackElo "1451"]
[PlyCount "75"]
[EventDate "2013.??.??"]
[Source "Pit Schulenburg"]
[SourceDate "2013.09.05"]

1. d4 d5 2. c4 dxc4 3. e4 e6 4. Bxc4 Nc6 5. Nf3 Nf6 6. Bg5 Be7 7. Nc3 a6 8. a4
O-O 9. O-O h6 10. Be3 Na5 11. Ba2 Nc6 12. Rc1 Nb4 13. Bc4 Nc6 14. Re1 Ng4 15.
Bf4 Nf6 16. e5 Nd5 17. Ne2 Na7 18. Bxd5 exd5 19. e6 Bxe6 20. Rxc7 Bb4 21. Nc3
b5 22. Re3 Bd6 23. Bxd6 Qxd6 24. Rb7 Qc6 25. Re7 Qd6 26. Rb7 Rfe8 27. a5 Qc6
28. Rb6 Qc8 29. Ne5 Rb8 30. Rd6 Qc7 31. Rxa6 Bc8 32. Nxd5 Qd8 33. Rxa7 Qxd5 34.
Nxf7 Rxe3 35. fxe3 Bb7 36. Qf3 Qd7 37. Nxh6+ gxh6 38. Qg3+ {Diagramm #} 1-0

[Event "33. ABC-Turnier 2013 - Gruppe D"]
[Site "Dortmund"]
[Date "2013.09.19"]
[Round "1.2"]
[White "Gennat, Egon L"]
[Black "Tautz, Eugen"]
[Result "1/2-1/2"]
[WhiteElo "1425"]
[BlackElo "1451"]
[PlyCount "80"]
[EventDate "2013.??.??"]
[Source "Pit Schulenburg"]
[SourceDate "2013.09.05"]

1. d4 d5 2. Nf3 Nf6 3. e3 Bg4 4. Nbd2 e6 5. h3 Bh5 6. Be2 a6 7. a4 Nbd7 8. O-O
c5 9. c3 cxd4 10. cxd4 Be7 11. b3 Rc8 12. Bb2 O-O 13. Rc1 h6 14. Ne5 Bxe2 15.
Qxe2 Nxe5 16. dxe5 Nd7 17. Rxc8 Qxc8 18. Rc1 Qb8 19. f4 Rc8 20. Qd1 Bc5 21. Bd4
Ba3 22. Rc2 Rc7 23. Nb1 Bb4 24. Qc1 Ba5 25. Rxc7 Qxc7 26. Qxc7 Bxc7 27. Kf2 Ba5
28. Na3 Nb8 29. Nc2 Nc6 30. Ke2 Kh7 31. Bc5 Kg6 32. Ba3 h5 33. b4 Bb6 34. Bb2
Kf5 35. Kf3 Ba7 36. g4+ hxg4+ 37. hxg4+ Kg6 38. Bd4 Bxd4 39. exd4 f5 40. Kg3
Ne7 {Diagramm # (=)} 1/2-1/2

[Event "33. ABC-Turnier 2013 - Gruppe D"]
[Site "Dortmund"]
[Date "2013.09.19"]
[Round "1.2"]
[White "Schrimpl, Michael"]
[Black "Gerke, Dieter"]
[Result "1-0"]
[WhiteElo "1441"]
[BlackElo "1469"]
[PlyCount "97"]
[EventDate "2013.??.??"]
[Source "Pit Schulenburg"]
[SourceDate "2013.09.05"]

1. c4 Nf6 2. Nc3 d5 3. cxd5 Nxd5 4. e4 Nxc3 5. bxc3 e5 6. Nf3 Nc6 7. Bc4 Bg4 8.
Rb1 Bc8 9. O-O a6 10. d3 Be7 11. Be3 Bf6 12. Qc2 O-O 13. Rfd1 Qe7 14. Ne1 Re8
15. Bd5 Na5 16. Qa4 c6 17. Bxf7+ Qxf7 18. Qxa5 b5 19. Bc5 Bd8 20. Qa3 Qg6 21.
Qb3+ Be6 22. Qc2 Bg4 23. f3 Be6 24. c4 Rc8 25. Bf2 Qf7 26. cxb5 cxb5 27. Qd2
Be7 28. Qa5 Bxa2 29. Ra1 Bb3 30. Rdc1 Rxc1 31. Rxc1 Qe6 32. d4 exd4 33. Bxd4
Bc4 34. Nc2 Rc8 35. Ne3 Bg5 36. Qa1 Qh6 37. Nf5 Qc6 38. Bxg7 Qb6+ 39. Bd4 Qe6
40. Re1 Bb3 41. h4 Bf4 42. g3 Bd2 43. Rf1 Bc4 44. Rf2 Be2 45. Kg2 Rc1 46. Qb2
Qc4 47. Qxd2 Bf1+ 48. Kh2 Qc8 49. Qg5+ {Diagramm #} 1-0

[Event "33. ABC-Turnier 2013 - Gruppe D"]
[Site "Dortmund"]
[Date "2013.09.19"]
[Round "1.2"]
[White "Reich, Peter"]
[Black "Vujanic, Dragan"]
[Result "0-1"]
[WhiteElo "1535"]
[BlackElo "1481"]
[PlyCount "44"]
[EventDate "2013.??.??"]
[Source "Pit Schulenburg"]
[SourceDate "2013.09.05"]

1. e4 d5 2. exd5 Qxd5 3. Nc3 Qa5 4. d4 c6 5. Nf3 Bg4 6. Be2 Nf6 7. O-O Nbd7 8.
Bd2 Qb6 9. Be1 e6 10. Na4 Qc7 11. c4 Be7 12. Rc1 Rd8 13. Qb3 O-O 14. Qe3 Rfe8
15. Bd2 c5 16. dxc5 Nxc5 17. Nxc5 Bxc5 18. Qc3 Ne4 19. Qc2 Bxf3 20. gxf3 Nxd2
21. Rfd1 Qf4 22. Kg2 Qd4 {Diagramm #} 0-1

[Event "33. ABC-Turnier 2013 - Gruppe D"]
[Site "Dortmund"]
[Date "2013.09.30"]
[Round "1.3"]
[White "Vujanic, Dragan"]
[Black "Gennat, Egon L"]
[Result "1-0"]
[WhiteElo "1481"]
[BlackElo "1425"]
[PlyCount "75"]
[EventDate "2013.??.??"]
[Source "Pit Schulenburg"]
[SourceDate "2013.09.05"]

1. d4 d5 2. Nf3 Nf6 3. Bf4 Bf5 4. Nbd2 e6 5. e3 Be7 6. c4 O-O 7. Be2 Nbd7 8.
O-O Nh5 9. Be5 f6 10. Bg3 Nxg3 11. hxg3 Bg6 12. cxd5 exd5 13. Qb3 Nb6 14. Nh4
Bf7 15. Nf5 Re8 16. Nxe7+ Qxe7 17. Rac1 Rac8 18. Rc3 Be6 19. Rfc1 Qd6 20. Qc2
Re7 21. a4 Qb4 22. a5 Nc4 23. Nxc4 dxc4 24. e4 Qxa5 25. d5 Bd7 26. Bxc4 Kh8 27.
Bd3 Be8 28. d6 Rd7 29. Rc5 Qb6 30. e5 g6 31. dxc7 fxe5 32. Rxe5 Bf7 33. Rc5 Qd6
34. Be2 Be6 35. Bf3 Qb6 36. Qc3+ Kg8 37. Qe5 Qb3 38. Rb5 1-0

[Event "33. ABC-Turnier 2013 - Gruppe D"]
[Site "Dortmund"]
[Date "2013.10.04"]
[Round "1.3"]
[White "Tautz, Eugen"]
[Black "Schrimpl, Michael"]
[Result "0-1"]
[WhiteElo "1451"]
[BlackElo "1441"]
[PlyCount "130"]
[EventDate "2013.??.??"]
[Source "Pit Schulenburg"]
[SourceDate "2013.09.05"]

1. c4 c5 2. Nc3 Nf6 3. Nf3 e6 4. e3 Nc6 5. d4 cxd4 6. exd4 a6 7. Bg5 h6 8. Bh4
Be7 9. a3 O-O 10. Be2 d5 11. cxd5 Nxd5 12. Bxe7 Ncxe7 13. O-O b5 14. Ne5 Nxc3
15. bxc3 Bb7 16. Rc1 Qd6 17. Qb3 Qd5 18. Qxd5 Bxd5 19. Nd7 Rfd8 20. Nc5 Nf5 21.
g3 Nd6 22. Bd3 Nb7 23. Nxb7 Bxb7 24. f4 Rac8 25. Kf2 Bd5 26. Ke3 f5 27. Rg1 h5
28. h3 Kf7 29. g4 hxg4 30. hxg4 g6 31. Kd2 Rh8 32. gxf5 Rh2+ 33. Be2 gxf5 34.
Rg3 Bc4 35. Re1 Rg8 36. Rxg8 Kxg8 37. Kd1 Bb3+ 38. Kd2 Kf7 39. Ke3 Rh3+ 40. Kd2
Bd5 41. Rg1 Bf3 42. Bxf3 Rxf3 43. Rh1 Rf2+ 44. Ke3 Ra2 45. Rh7+ Kf6 46. Rh6+
Ke7 47. Rh7+ Kd6 48. Rh8 Rxa3 49. Kd3 a5 50. Rd8+ Kc7 51. Re8 Kd7 52. Rb8 b4
53. Kd2 Rxc3 54. Rb7+ Rc7 55. Rb5 Rc4 56. Rxa5 Rxd4+ 57. Ke3 Re4+ 58. Kf3 Kc6
59. Ra8 Kb5 60. Ra1 b3 61. Ra8 Kb4 62. Rb8+ Kc3 63. Rc8+ Rc4 64. Rb8 b2 65. Ke3
Kc2 0-1

[Event "33. ABC-Turnier 2013 - Gruppe D"]
[Site "Dortmund"]
[Date "2013.10.17"]
[Round "1.4"]
[White "Gennat, Egon L"]
[Black "Schrimpl, Michael"]
[Result "1-0"]
[WhiteElo "1425"]
[BlackElo "1441"]
[PlyCount "45"]
[EventDate "2013.??.??"]
[Source "Pit Schulenburg"]
[SourceDate "2013.09.05"]

1. d4 Nf6 2. c4 c5 3. d5 b5 4. cxb5 a6 5. Nc3 d6 6. Bg5 Nbd7 7. e4 g6 8. Bd3
Bg7 9. Nf3 O-O 10. bxa6 Bxa6 11. Bxa6 Rxa6 12. O-O Qa5 13. Qd2 Rb8 14. Rab1 Qd8
15. Bh6 Ng4 16. Bxg7 Kxg7 17. Rfe1 e6 18. h3 Ngf6 19. dxe6 fxe6 20. e5 Ne8 21.
exd6 Rxd6 22. Qe3 Qf6 23. Ne4 1-0

[Event "33. ABC-Turnier 2013 - Gruppe D"]
[Site "Dortmund"]
[Date "2013.10.17"]
[Round "1.4"]
[White "Reich, Peter"]
[Black "Tautz, Eugen"]
[Result "1-0"]
[WhiteElo "1535"]
[BlackElo "1451"]
[PlyCount "45"]
[EventDate "2013.??.??"]
[Source "Pit Schulenburg"]
[SourceDate "2013.09.05"]

1. e4 e5 2. Nf3 Nc6 3. Bc4 Nf6 4. Ng5 d5 5. exd5 Nxd5 6. Nxf7 Kxf7 7. Qf3+ Ke6
8. Nc3 Nce7 9. Ne4 h6 10. d4 c6 11. dxe5 Nf5 12. Bf4 Qa5+ 13. c3 b5 14. Bb3 Qd8
15. Rd1 Bb7 16. O-O Qh4 17. Bg3 Qd8 18. c4 bxc4 19. Bxc4 a5 20. Qg4 Qe8 21.
Rfe1 Be7 22. Nd6 Qf8 23. Nxb7 {und Schwarz ueberschritt die Zeit.} 1-0

[Event "33. ABC-Turnier 2013 - Gruppe D"]
[Site "Dortmund"]
[Date "2013.10.17"]
[Round "1.4"]
[White "Vujanic, Dragan"]
[Black "Gerke, Dieter"]
[Result "0-1"]
[WhiteElo "1481"]
[BlackElo "1469"]
[PlyCount "68"]
[EventDate "2013.??.??"]
[Source "Pit Schulenburg"]
[SourceDate "2013.09.05"]

1. c4 d5 2. cxd5 Qxd5 3. Nc3 Qd8 4. g3 Nf6 5. Bg2 c6 6. Nf3 Nbd7 7. d4 e6 8. e4
Be7 9. O-O O-O 10. Qc2 Nb6 11. Rd1 h6 12. Qb3 a5 13. a4 Bb4 14. Ne5 Nbd7 15.
Nxd7 Bxd7 16. d5 exd5 17. exd5 Bg4 18. f3 Bh5 19. dxc6 Qb6+ 20. Kh1 bxc6 21.
Bf4 Rad8 22. Bd6 Rfe8 23. Bxb4 axb4 24. Rxd8 Rxd8 25. Rd1 Re8 26. g4 Bg6 27.
Na2 Nd5 28. h4 Re2 29. Bf1 Rc2 30. Bd3 Bxd3 31. Qxd3 Qf2 32. Qxc2 Qxc2 33. Rxd5
cxd5 34. Nxb4 Qd1+ 0-1

[Event "33. ABC-Turnier 2013 - Gruppe D"]
[Site "Dortmund"]
[Date "2013.10.24"]
[Round "1.5"]
[White "Gerke, Dieter"]
[Black "Gennat, Egon L"]
[Result "0-1"]
[WhiteElo "1469"]
[BlackElo "1425"]
[PlyCount "80"]
[EventDate "2013.??.??"]
[Source "Pit Schulenburg"]
[SourceDate "2013.09.05"]

1. Nf3 Nf6 2. d4 d5 3. g3 g6 4. Bg2 Bg7 5. O-O O-O 6. c4 c6 7. cxd5 cxd5 8. Nc3
a6 9. Qb3 b5 10. Ne5 Bb7 11. Bf4 Ne4 12. Rad1 e6 13. Nxe4 dxe4 14. Qc2 f5 15.
h4 Bd5 16. Rc1 Bxe5 17. dxe5 Nc6 18. Rfd1 Qb6 19. Be3 Qb7 20. Bc5 Rfe8 21. Bd6
Rac8 22. Qd2 e3 23. Qxe3 Bxg2 24. f3 Bh3 25. Qh6 Qg7 26. Qf4 h6 27. Kf2 g5 28.
hxg5 hxg5 29. Qe3 Ne7 30. Rxc8 Rxc8 31. Qa7 Nd5 32. Qxa6 Rc2 33. Qa8+ Kh7 34.
Rh1 g4 35. Qe8 Qg6 36. Qd7+ Kh6 37. Bf8+ Kh5 38. fxg4+ fxg4 39. Rxh3+ gxh3 40.
g4+ Kxg4 0-1

[Event "33. ABC-Turnier 2013 - Gruppe D"]
[Site "Dortmund"]
[Date "2013.10.24"]
[Round "1.5"]
[White "Tautz, Eugen"]
[Black "Vujanic, Dragan"]
[Result "1/2-1/2"]
[WhiteElo "1451"]
[BlackElo "1481"]
[PlyCount "82"]
[EventDate "2013.??.??"]
[Source "Pit Schulenburg"]
[SourceDate "2013.09.05"]

1. c4 e6 2. Nc3 Nf6 3. Nf3 c5 4. e3 Nc6 5. Be2 d5 6. cxd5 exd5 7. a3 a6 8. d4
cxd4 9. exd4 g6 10. Bg5 Bg7 11. O-O O-O 12. Re1 Qb6 13. Bxf6 Bxf6 14. Nxd5 Qd8
15. Nxf6+ Qxf6 16. Qd2 Be6 17. Rac1 Rad8 18. Qc3 Nxd4 19. Nxd4 Qxd4 20. Bf3
Qxc3 21. Rxc3 Bd5 22. Bxd5 Rxd5 23. Rc7 Rb5 24. b4 a5 25. bxa5 Rxa5 26. Rxb7
Rxa3 27. g3 {(=)} 27... h5 28. h4 Kg7 29. Ree7 Kf6 30. Rec7 Rf3 31. Kg2 Rf5 32.
Rc6+ Kg7 33. Rcc7 Rd8 34. Rd7 Rxd7 35. Rxd7 Kf6 36. f4 Ke6 37. Rd3 Rd5 38. Re3+
Kf5 39. Kf3 f6 40. Rc3 g5 41. hxg5 fxg5 1/2-1/2